Whither the Indian church? / (Record no. 8705)
[ view plain ]
| 000 -LEADER | |
|---|---|
| fixed length control field | 01518cam a2200433 i 4500 |
| 001 - CONTROL NUMBER | |
| control field | 20421320 |
| 003 - CONTROL NUMBER IDENTIFIER | |
| control field | OSt |
| 005 - DATE AND TIME OF LATEST TRANSACTION | |
| control field | 20191106173209.0 |
| 008 - FIXED-LENGTH DATA ELEMENTS--GENERAL INFORMATION | |
| fixed length control field | 170209s2016 ii b 000 0 eng d |
| 010 ## - LIBRARY OF CONGRESS CONTROL NUMBER | |
| LC control number | 2017353167 |
| 020 ## - INTERNATIONAL STANDARD BOOK NUMBER | |
| International Standard Book Number | 9788184655957 |
| Qualifying information | (paperback) |
| 020 ## - INTERNATIONAL STANDARD BOOK NUMBER | |
| Canceled/invalid ISBN | 9788184655964 (e-book) |
| 020 ## - INTERNATIONAL STANDARD BOOK NUMBER | |
| International Standard Book Number | 8184655959 |
| 025 ## - OVERSEAS ACQUISITION NUMBER | |
| Overseas acquisition number | I-E-2017353167 ; 13-91 |
| 035 ## - SYSTEM CONTROL NUMBER | |
| System control number | (OCoLC)ocn973771243 |
| 035 ## - SYSTEM CONTROL NUMBER | |
| System control number | (OCoLC)973771243 |
| Canceled/invalid control number | (OCoLC)972129989 |
| -- | (OCoLC)991209831 |
| 037 ## - SOURCE OF ACQUISITION | |
| Source of stock number/acquisition | Library of Congress -- New Delhi Overseas Office |
| 040 ## - CATALOGING SOURCE | |
| Original cataloging agency | DKAGE |
| Language of cataloging | eng |
| Description conventions | rda |
| Transcribing agency | DKAGE |
| Modifying agency | OCLCO |
| -- | OCLCF |
| -- | OCLCA |
| -- | YDX |
| -- | DLC |
| 042 ## - AUTHENTICATION CODE | |
| Authentication code | lccopycat |
| -- | lcode |
| 043 ## - GEOGRAPHIC AREA CODE | |
| Geographic area code | a-ii--- |
| 050 00 - LIBRARY OF CONGRESS CALL NUMBER | |
| Classification number | BV601.8 |
| Item number | .R63 2016 |
| 082 04 - DEWEY DECIMAL CLASSIFICATION NUMBER | |
| Classification number | 266.7654 |
| Edition number | 23 |
| 100 1# - MAIN ENTRY--PERSONAL NAME | |
| Personal name | Robinson, Gnana, |
| Dates associated with a name | 1935- |
| Relator term | author. |
| 245 10 - TITLE STATEMENT | |
| Title | Whither the Indian church? / |
| Statement of responsibility, etc. | Gnana Robinson. |
| 264 #1 - PRODUCTION, PUBLICATION, DISTRIBUTION, MANUFACTURE, AND COPYRIGHT NOTICE | |
| Place of production, publication, distribution, manufacture | Delhi : |
| Name of producer, publisher, distributor, manufacturer | ISPCK : |
| -- | Peace Trust Kanyakumari, |
| Date of production, publication, distribution, manufacture, or copyright notice | 2016. |
| 300 ## - PHYSICAL DESCRIPTION | |
| Extent | xviii, 327 pages ; |
| Dimensions | 25 cm |
| 336 ## - CONTENT TYPE | |
| Content type term | text |
| Content type code | txt |
| Source | rdacontent |
| 337 ## - MEDIA TYPE | |
| Media type term | unmediated |
| Media type code | n |
| Source | rdamedia |
| 338 ## - CARRIER TYPE | |
| Carrier type term | volume |
| Carrier type code | nc |
| Source | rdacarrier |
| 504 ## - BIBLIOGRAPHY, ETC. NOTE | |
| Bibliography, etc. note | Includes bibliographical references. |
| 530 ## - ADDITIONAL PHYSICAL FORM AVAILABLE NOTE | |
| Additional physical form available note | Also available as an e-book. |
| 650 #0 - SUBJECT ADDED ENTRY--TOPICAL TERM | |
| Topical term or geographic name entry element | Mission of the church |
| Geographic subdivision | India. |
| 651 #0 - SUBJECT ADDED ENTRY--GEOGRAPHIC NAME | |
| Geographic name | India |
| General subdivision | Church history. |
| 710 2# - ADDED ENTRY--CORPORATE NAME | |
| Corporate name or jurisdiction name as entry element | I.S.P.C.K. (Organization), |
| Relator term | publisher. |
| 710 2# - ADDED ENTRY--CORPORATE NAME | |
| Corporate name or jurisdiction name as entry element | Peace Trust Kanyakumari, |
| Relator term | publisher. |
| 906 ## - LOCAL DATA ELEMENT F, LDF (RLIN) | |
| a | 7 |
| b | cbc |
| c | copycat |
| d | 3 |
| e | ncip |
| f | 20 |
| g | y-gencatlg |
| 942 ## - ADDED ENTRY ELEMENTS (KOHA) | |
| Source of classification or shelving scheme | Dewey Decimal Classification |
| Koha item type | Books |
| Withdrawn status | Lost status | Source of classification or shelving scheme | Damaged status | Not for loan | Collection code | Home library | Current library | Date acquired | Total Checkouts | Full call number | Barcode | Date last seen | Price effective from | Koha item type |
|---|---|---|---|---|---|---|---|---|---|---|---|---|---|---|
| Dewey Decimal Classification | Non-fiction | Harvest Mission College | Harvest Mission College | 07.11.2019 | 266.7654 R658W | 010070 | 07.11.2019 | 07.11.2019 | Books |
